| 000 | 01252cam a22002895a 4500 | ||
|---|---|---|---|
| 001 | 18826112 | ||
| 005 | 20160228120635.0 | ||
| 008 | 151021s2007 enka frb 001 0 eng d | ||
| 020 | _a9780415416597 (hbk.) | ||
| 020 | _a0415416590 (hbk.) | ||
| 040 |
_aDLC _beng _cDLC _dBAKER _dBWKUK _dUKM _dYDXCP _dBTCTA _dOCLNG _dOCLCQ _dA7U _dTULIB _dOCLCO _dOCLCA _dOCLCF _dOCLCQ _dDLC _dEG-ScBUE |
||
| 043 | _an-us--- | ||
| 082 | 0 | 4 |
_a070.4493550097309045 _222 _bRID |
| 100 | 1 |
_aRid, Thomas, _d1975- _939452 |
|
| 245 | 1 | 0 |
_aWar and media operations : _bthe U.S. military and the press from Vietnam to Iraq / _cThomas Rid. |
| 260 |
_aOxon ; _aNew York : _bRoutledge / Taylor & Francis Group, _c2007. |
||
| 300 |
_axii, 226 p. : _bill. ; _c24 cm. |
||
| 490 | 0 | _aCass military studies. | |
| 500 | _aIndex : p. 223-226. | ||
| 504 | _aBibliography : p. 199-222. | ||
| 650 | 0 |
_aArmed Forces and mass media _zUnited States _xHistory _y20th century. _2BUEsh |
|
| 650 | 0 |
_aArmed Forces and mass media _zUnited States _xHistory _y21st century. _2BUEsh |
|
| 651 | 0 |
_aUnited States _xArmed Forces _xPublic relations _xHistory _y20th century. _2BUEsh |
|
| 651 | 4 |
_aUnited States _xArmed Forces _xPublic relations _xHistory _y21st century. _2BUEsh |
|
| 653 |
_bCOMAME _cFebruary2016 |
||
| 942 | _2ddc | ||
| 999 |
_c21263 _d21235 |
||